An introduction to optical fibers

Đã lưu trong:
Bibliografiske detaljer
Hovedforfatter: Cherin, Allen H.
Format: Bog
Sprog:Undetermined
Udgivet: London McGraw - Hill International 1983
Fag:
Tags: Tilføj Tag
Ingen Tags, Vær først til at tagge denne postø!
Thư viện lưu trữ: Trung tâm Học liệu Trường Đại học Cần Thơ
LEADER 00487nam a2200181Ia 4500
001 CTU_97579
008 210402s9999 xx 000 0 und d
082 |a 621.3692 
082 |b C518 
100 |a Cherin, Allen H. 
245 3 |a An introduction to optical fibers 
245 0 |c Allen H. Cherin 
260 |a London 
260 |b McGraw - Hill International 
260 |c 1983 
650 |a Optical fibers 
904 |i Trúc 
980 |a Trung tâm Học liệu Trường Đại học Cần Thơ